00422nam a22001457a 450000500170000000800410001702000180005804100120007608200120008810000120010024500670011226000470017930000250022665000250025120240812084044.0240812b |||||||| |||| 00| 0 eng d a9781485100164 aEnglish a349 SOU lEnglish aJuta's Index and Annotations to the South African Law Reports  aCape Town: bJuta and Company Ltd, c2012  b214 pages; c25 cm.  aLegal practice bLaw